00518nam a2200169Ia 4500003000900000008004100009040001600050080001600066245011500082250001100197260003200208300001600240650002800256650001600284650001900300700002900319IN-BaIIA211028s9999 xx 000 0 eng d cIIA Library a621.38bPET 0aElectronic measurementscedited by Emmons Frederick Terman and J. M. Pettit  a2nd ed aNew YorkbMcGraw-Hillc1952 axiii, 707p. aElectronic Measurements aElectronics aNASA Thesaurus aTerman, Emmons Frederick